| 000 | 00919nam a2200253 a 4500 | ||
|---|---|---|---|
| 001 | 000023016 | ||
| 005 | 20250703095052.0 | ||
| 008 | 101124s1986 ag r 000 0 spa d | ||
| 020 | _a9506951500 | ||
| 040 |
_aDO-SdBNP _bspa _cBNPHU |
||
| 082 |
_a320.973 _bF981m |
||
| 245 | 0 | 4 |
_aLos fundamentosmorales de la República Norteamericana / _cedición Robert H. Horwitz ; traducción Isaac Sternschein. |
| 250 | _a3a ed. | ||
| 260 |
_aBuenos Aires, Argentina : _bREI, _c1986. |
||
| 300 |
_a375 p. ; _c22 cm. |
||
| 504 | _aIncluye referencias bibliográficas y notas al pie de las páginas. | ||
| 534 | _aThe moral fundations of the American Republic. | ||
| 651 | 4 |
_aEstados Unidos _xPolítica Y Gobierno _95436 |
|
| 651 | 4 |
_aEstados Unidos _xCondiciones Morales _947351 |
|
| 650 | 0 |
_aÉtica política _91332 |
|
| 700 | 1 |
_aHorwitz, Robert H, _eed. _947352 |
|
| 700 | 1 |
_aSternschein, Isaac, _etr. _947353 |
|
| 049 | _aBNGR | ||
| 999 |
_c22513 _d22513 |
||